000
00257nam a22001097a 4500
082
_a
923.595491 ,ISH'F
100
_a
ISHFAH, HUSSAIN
_9
56152
245
_a
FATEH-A-SABOONA
260
_a
RAWALPINDI
_b
ARMY EDUCATION PRESS
_c
1990
300
_a
320P
942
_c
BK
999
_c
585491
_d
585491